000 00733nam a2200289Ia 4500
003 OSt
005 20220209144123.0
008 210210b2013 xxu||||| |||| 00| 0 eng d
020 _a9789327229042
040 _aAL
_c
041 _aeng
082 _a657.046 JAIA
100 _aJAIN(S P)
_918602
245 _aAdvanced accountancy: corporate accounting Vol II
260 _aLudhiana
_bKalyani Publishers
_c2013
300 _a1272
440 _aII
_918603
650 _aVol
_918604
650 _aII
_918605
650 _aAdvanced
_918606
650 _aaccounting
_918607
650 _aaccountancy:corporate
_918608
690 _aAccountancy
_918609
700 _aNARANG(K L)
_918610
906 _a068983
942 _2ddc
_cBK
999 _c153097
_d153097